Sports Quiz

Random Sports or Football Quiz

Superligaen Teams 2015-16 Quiz Stats

 Plays Quiz not verified by Sporcle

Challenge
Share
Tweet
Embed
Score 0/12 Timer 05:00
0 Plays Today
Club % Correct
København
97.3%
Brøndby
95.9%
Aalborg
94.5%
Odense
94.5%
Aarhus
90.4%
Nordsjælland
90.4%
Midtjylland
89%
Esbjerg
86.3%
Randers
86.3%
Viborg
84.9%
Hobro
79.5%
SønderjyskE
78.1%

You're not logged in!

Compare scores with friends on all Sporcle quizzes.
Join for Free
OR
Log In

You Might Also Like...

Show Comments

Extras

Top Quizzes Today


Score Distribution

Your Account Isn't Verified!

In order to create a playlist on Sporcle, you need to verify the email address you used during registration. Go to your Sporcle Settings to finish the process.

Report this User

Report this user for behavior that violates our Community Guidelines.

Details: